Los bosques secundarios del trópico húmedo colombiano (Registro nro. 18121)
[ vista simple ]
| 000 -CABECERA | |
|---|---|
| Campo de control | 01473cam a2200289 a 4500 |
| 005 - FECHA Y HORA DE LA ULTIMA TRANSACCION | |
| Campo de control | 20160429020002.0 |
| 008 - ELEMENTOS DE LONGITUD FIJA—INFORMACION GENERAL | |
| Campo de control | 111101s2009 ck abdo r 000 0 spa d |
| 015 ## - NATIONAL BIBLIOGRAPHY NUMBER | |
| National bibliography number | SSS |
| 020 ## - ISBN | |
| ISBN | 9789589243497 |
| 040 ## - FUENTE DE CATALOGACIÓN | |
| Agencia catalogadora original | CO-BoPUJ |
| Agencia transcriptora | CO-BoIAVH |
| Agencia Modificadora | CO-BoIAVH |
| 041 0# - IDIOMA | |
| Código de idioma para texto/pista de sonido o título separado | Español |
| 082 04 - NUMERO DE CLASIFICACION DECIMAL DEWEY | |
| Número de clasificación | 574.52642 |
| Número del ítem | B67b |
| 245 04 - MENCION DE TITULO | |
| Título | Los bosques secundarios del trópico húmedo colombiano |
| Parte restante del título | caso del Bajo Calima : características y expectativas para el manejo sostenible y conservación de los ecosistemas boscosos del Bajo Calima, Buenaventura, Valle del Cauca, Colombia |
| Mención de responsabilidad | editores Omar Aurelio Melo Cruz y Luis Alfredo Lozano Botache ; Nelson Albaran Castro...[et al.] |
| 250 ## - MENCION DE EDICION | |
| Mención de edición | 1a ed. |
| 260 ## - PUBLICACION, DISTRIBUCION, ETC. (PIE DE IMPRENTA) | |
| Lugar de publicación, distribución, etc. | Ibagué |
| Nombre del editor, distribuidor, etc. | Universidad del Tolima |
| Fecha de publicación, distribución, etc. | 2009. |
| 300 ## - DESCRIPCION FISICA | |
| Extensión | 139 p. |
| Otros detalles físicos | ilustraciones a color, fotos, gráficas, mapas y tablas |
| Dimensiones | 24 cm. |
| 504 ## - NOTA DE BIBLIOGRAFIA, ETC. | |
| Nota de bibliografía | Incluye referencias bibliográficas. |
| 650 14 - ASIENTO SECUNDARIO DE MATERIA - TERMINO TEMATICO | |
| Término temático o nombre geográfico como elemento de entrada | Bosques tropicales |
| Subdivisión geográfica | Buenaventura (Valle del Cauca, Colombia) |
| 9 (RLIN) | 58406 |
| 650 24 - ASIENTO SECUNDARIO DE MATERIA - TERMINO TEMATICO | |
| Término temático o nombre geográfico como elemento de entrada | Protección de bosques |
| Subdivisión geográfica | Buenaventura (Valle del Cauca, Colombia) |
| 9 (RLIN) | 58407 |
| 650 24 - ASIENTO SECUNDARIO DE MATERIA - TERMINO TEMATICO | |
| Término temático o nombre geográfico como elemento de entrada | Diversidad biológica |
| Subdivisión geográfica | Buenaventura (Valle del Cauca, Colombia) |
| 9 (RLIN) | 58408 |
| 650 24 - ASIENTO SECUNDARIO DE MATERIA - TERMINO TEMATICO | |
| Término temático o nombre geográfico como elemento de entrada | Recursos naturales |
| Subdivisión geográfica | Buenaventura (Valle del Cauca, Colombia) |
| 9 (RLIN) | 58409 |
| 650 24 - ASIENTO SECUNDARIO DE MATERIA - TERMINO TEMATICO | |
| Término temático o nombre geográfico como elemento de entrada | Ecología humana |
| Subdivisión geográfica | Buenaventura (Valle del Cauca, Colombia) |
| 9 (RLIN) | 58410 |
| 700 1# - ASIENTO SECUNDARIO - NOMBRE PERSONAL | |
| Nombre personal | Melo Cruz, Omar Aurelio |
| Término de relación | Ed. |
| 9 (RLIN) | 58403 |
| 700 1# - ASIENTO SECUNDARIO - NOMBRE PERSONAL | |
| Nombre personal | Lozano Botache, Luis Alfredo |
| Término de relación | Ed. |
| 9 (RLIN) | 58404 |
| 700 1# - ASIENTO SECUNDARIO - NOMBRE PERSONAL | |
| Nombre personal | Albar�an Castro, Nelson |
| 9 (RLIN) | 58405 |
| 942 ## - ELEMENTOS ADICIONALES (KOHA) | |
| Sistema de clasificación | Dewey Decimal Classification |
| Tipo de ítem | Libro |
| Koha issues (borrowed), all copies | 1 |
| Withdrawn status | Lost status | Sistema de Clasificación | Damaged status | No para préstamo | Colección | Inventariado | Ubicación Permanente | Ubicación actual | Fecha de adquisición | Fuente de Valor | Valor | Total Checkouts | Número topográfico | Inventario / Código de Barras | Date last seen | Date checked out | Ejemplar | Price effective from | Tipo de material |
|---|---|---|---|---|---|---|---|---|---|---|---|---|---|---|---|---|---|---|---|
| Dewey Decimal Classification | General | Inventariado 2017 | Bogotá | Bogotá | 09/02/2016 | Instituto | 39000.00 | 1 | LB-574.52642 B67b | 042228 | 28/04/2016 | 28/04/2016 | Ej.1 | 09/02/2016 | Libro |